Language Quiz

Random Language or Letter Quiz

Can SPORCLE Spell It? Quiz Stats

 Plays Quiz not verified by Sporcle

Challenge
Share
Tweet
Embed
Score 0/20 Timer 02:00
0 Plays Today
% Correct
clop
94.7%
pose
94.7%
sore
94.7%
ore
92.1%
scope
92.1%
sloe
92.1%
slop
92.1%
loser
89.5%
pole
89.5%
role
89.5%
% Correct
rope
89.5%
rose
89.5%
slope
89.5%
sole
89.5%
core
86.8%
corpse
86.8%
lose
86.8%
score
86.8%
closer
81.6%
prose
81.6%

You're not logged in!

Compare scores with friends on all Sporcle quizzes.
OR
Log In

You Might Also Like...

Show Comments

Extras

Top Quizzes Today


Score Distribution

Your Account Isn't Verified!

In order to create a playlist on Sporcle, you need to verify the email address you used during registration. Go to your Sporcle Settings to finish the process.

Report this User

Report this user for behavior that violates our Community Guidelines.

Details: